MARC

LEADER 00000nam0a2200000 4500
001 57919
005 20231031054556.0
035 |a (RuTPU)RU\TPU\book\61144 
090 |a 57919 
100 |a 20031119d1976 m y0rusy50 ca 
101 0 |a rus 
102 |a RU 
105 |a a j 000zy 
200 1 |a Проектирование радиопередающих устройств  |e учебное пособие  |f под ред. В. В. Шахгильдяна 
210 |a Москва  |c Связь  |d 1976 
215 |a 432 с.  |c ил. 
320 |a Библиография в конце глав. 
610 1 |a радиопередающие устройства 
610 1 |a радиопередатчики 
610 1 |a проектирование 
610 1 |a волны 
610 1 |a расчеты 
610 1 |a генераторы 
610 1 |a модуляторы 
610 1 |a передатчики 
610 1 |a усилители 
610 1 |a учебные пособия 
675 |a 621.396.61.001.2(075.8)  |v 3 
702 1 |a Шахгильдян  |b В. В.  |g Ваган Ваганович  |4 340 
801 1 |a RU  |b 63413507  |c 20031119  |g PSBO 
801 2 |a RU  |b 63413507  |c 20221205  |g PSBO 
942 |c BK